Luxor Illustrated, Revised and Updated

Saved in:

Main Author: Michael Haag

Format: Book

Language: Undetermined

Published: Cairo American University in Cairo 2024

Subjects:

Tags: Add Tag

No Tags, Be the first to tag this record!

Call Number: On Hold

LEADER 00490nam a2200157Ia 4500
005 20260324113530.0
008 260324s9999||||xx |||||||||||||| ||und||
020 |a 978-1649033383 
050 4 |a On Hold 
100 0 |a Michael Haag 
245 1 0 |a Luxor Illustrated, Revised and Updated  |c Michael Haag 
264 1 |a Cairo  |b American University in Cairo  |c 2024 
300 |a 116 pages  |b color illustrations, color maps  |c 24 cm 
650 4 |a Travel 
650 4 |a With Aswan, Abu Simbel, and the Nile 
999 |c 61914  |d 61914